Probability and Bayesian statistics /

Bibliographic Details
Corporate Author: International Symposium on Probability and Bayesian Statistics Innsbruck, Austria
Other Authors: Viertl, R. (Reinhard), De Finetti, Bruno
Format: Conference Proceeding Book
Language:English
Published: New York : Plenum Press, [1987]
Subjects:

MARC

Tag First Indicator Second Indicator Subfields
LEADER 00000cam a2200000 a 4500
001 in00000014327
005 20151007052205.0
008 870602s1987 nyua b 11110 eng
010 |a  87015298  
020 |a 030642570X 
035 |a (OCoLC)16090342 
035 |9 AAA6692AM 
040 |a DLC  |c DLC  |d TXA  |d UtOrBLW 
049 |a TXAM  |c [A11462589] 
050 0 0 |a QA273.A1  |b I58 1986 
082 0 |a 519.2  |2 19 
111 2 |a International Symposium on Probability and Bayesian Statistics  |d (1986 :  |c Innsbruck, Austria) 
245 1 0 |a Probability and Bayesian statistics /  |c edited by R. Viertl. 
264 1 |a New York :  |b Plenum Press,  |c [1987] 
264 4 |c ©1987 
300 |a xii, 510 pages :  |b illustrations ;  |c 26 cm. 
336 |a text  |b txt  |2 rdacontent 
337 |a unmediated  |b n  |2 rdamedia 
338 |a volume  |b nc  |2 rdacarrier 
500 |a "Based on the proceedings of the International Symposium on Probability and Bayesian Statistics, held September 23-26, 1986, in Innsbruck, Austria"--Title page verso. 
500 |a "Dedicated to the memory of Bruno de Finetti"--Pref. 
504 |a Includes bibliographies and index. 
650 0 |a Probabilities  |v Congresses. 
650 0 |a Bayesian statistical decision theory  |v Congresses. 
600 1 0 |a De Finetti, Bruno  |x Congresses. 
700 1 |a Viertl, R.  |q (Reinhard) 
700 1 |a De Finetti, Bruno. 
999 |a MARS 
999 f f |s 0b1dcdcf-de35-37f6-8763-cc032207abcf  |i e92c0d31-cae6-3698-af03-14e793765e66  |t 0 
952 f f |p ric  |a Texas A&M University  |b Rellis Campus  |c Joint Library Facility  |d Remote Storage  |t 0  |e QA273.A1 I58 1986  |h Library of Congress classification  |i unmediated -- volume  |m A14811462589 
998 f f |a QA273.A1 I58 1986  |t 0  |l Remote Storage